LEADER 01031nam0 22002531i 450 001 UON00517767 005 20241212103439.28 100 $a20231002d1959 |0itac50 ba 101 $aukr 102 $aUA 105 $a|||| 1|||| 200 1 $a250$b*dvisti p'yatdesyat] rokiv Poltavsko? bitvi$ezbirnik statej$f[vidpovida'nij redaktor V. A. Djadi?enko] 210 $aKi?v$cAkademija nauk URSR$d1959 - 166 p.$ctav. ; 22 cm 606 $aPOLTAVA$xBATTAGLIA$3UONC101662$2FI 620 $aUA$dKiev$3UONL000870 676 $a947.05$cRussia storia. Regno di Pietro il Grande$v21 700 1$aDJADI?ENKO$bVadim Archipovi?$3UONV292118$01591173 712 $aAkademija Nauk SSSR$3UONV247334$4650 801 $aIT$bSOL$c20241213$gRICA 899 $aSIBA - SISTEMA BIBLIOTECARIO DI ATENEO$2UONSI 912 $aUON00517767 950 $aSIBA - SISTEMA BIBLIOTECARIO DI ATENEO$dSI EO DUOMO IX H 0089 $eSI EO 1972/1 5 0089 996 $a250$93904279 997 $aUNIOR